000 00285nam a22001337a 4500
008 170925b xxu||||| |||| 00| 0 eng d
020 _a9780669386325
041 _aeng
080 _a37
100 _a46
101 _aEDU
245 _aEXPRESS WRITERS
_cKRENZKE.CH
942 _2udc
_cBK
999 _c29614
_d29614